Financial Markets and Services (Record no. 3106)

MARC details
000 -LEADER
fixed length control field 00323nam a2200133Ia 4500
008 - FIXED-LENGTH DATA ELEMENTS--GENERAL INFORMATION
fixed length control field 191201s2002 xx 000 0 und d
082 ## - DEWEY DECIMAL CLASSIFICATION NUMBER
Classification number 332
Item number SHF
100 ## - MAIN ENTRY--PERSONAL NAME
Personal name SHAHANI, Rakesh
245 #0 - TITLE STATEMENT
Title Financial Markets and Services
260 ## - PUBLICATION, DISTRIBUTION, ETC. (IMPRINT)
Place of publication, distribution, etc N.Delhi
Name of publisher, distributor, etc Galgotia Pub. Pvt
Date of publication, distribution, etc 2002
300 ## - PHYSICAL DESCRIPTION
Extent 446
650 ## - SUBJECT ADDED ENTRY--TOPICAL TERM
Topical term or geographic name as entry element MBA
942 ## - ADDED ENTRY ELEMENTS (KOHA)
Source of classification or shelving scheme Dewey Decimal Classification
Koha item type Text Books
Holdings
Withdrawn status Lost status Source of classification or shelving scheme Damaged status Not for loan Collection code Home library Current library Date acquired Source of acquisition Cost, normal purchase price Bill Number Total Checkouts Full call number Acc. no. / Barcode Date last seen Bill Date Koha item type
    Dewey Decimal Classification     MBA PIET C-LIBRARY PIET C-LIBRARY 23/08/2007 J B C, New Delhi 175.00 721   332 SHF 7359 04/12/2019 30/07/2007 Text Books
    Dewey Decimal Classification     MBA PIET C-LIBRARY PIET C-LIBRARY 23/08/2007 J B C, New Delhi 175.00 721   332 SHF 7360 04/12/2019 30/07/2007 Text Books
    Dewey Decimal Classification     MBA PIET C-LIBRARY PIET C-LIBRARY 23/08/2007 J B C, New Delhi 175.00 721   332 SHF 7361 04/12/2019 30/07/2007 Text Books
    Dewey Decimal Classification     MBA PIET C-LIBRARY PIET C-LIBRARY 23/08/2007 J B C, New Delhi 175.00 721   332 SHF 7362 04/12/2019 30/07/2007 Text Books

Design & Developed by: PIET Central Library
R70 Miles Stone Pattikalyana Samalkha Panipat 132102
mail ID :- [email protected], Phone No:- 0180-2569700 Ex.216